[Event "3rd HoliCup Lake City 2019"]
[Site "Udaipur"]
[Date "2019.03.31"]
[Round "7.11"]
[White "Shubham"]
[Black "Pingale, Shivraj"]
[Result "1-0"]
[WhiteElo "1880"]
[BlackElo "1600"]
[Annotator "NA RC"]
[PlyCount "121"]
[EventDate "2019.??.??"]
[EventCountry "IND"]
[SourceTitle "playchess.com"]
[Source "ChessBase"]
[SourceQuality "1"]
[TimeControl "5400+30"]

{[%evp 25,117,18,23,-41,85,20,47,33,52,21,31,0,8,0,14,37,50,2,74,148,55,89,77,67,145,37,207,221,202,206,290,-51,-50,-45,-49,-62,-70,-119,-128,-139,-147,-132,0,0,94,50,42,46,461,294,326,368,354,271,497,547,511,221,413,413,423,470,413,413,410,32767,465,372,372,366,372,358,354,349,460,486,525,495,540,641,667,857,787,1459,4132,805,4943,29962,5035,6246,1744,396,5547,29968]} 1. e4 {[%emt 0:00:40]} e6 {[%emt 0:00:00]} 2. d4 {[%emt 0:00:14]} d5 {[%emt 0:00:00]} 3. e5 {[%emt 0:00:10]} c5 {[%emt 0:00:00]} 4. c3 {[%emt 0:00:08]} Nc6 {[%emt 0:00:00]} 5. Nf3 {[%emt 0:00:09]} Qb6 {[%emt 0:00:00]} 6. a3 {[%emt 0:00:09]} c4 {[%emt 0:00:01]} 7. Nbd2 {[%emt 0:00:11]} Na5 {[%emt 0:00:03]} 8. Be2 {[%emt 0:00:15]} Bd7 {[%emt 0:00:26]} 9. O-O {[%emt 0:00:18]} Ne7 {[%emt 0:00:05]} 10. Rb1 {[%emt 0:01:46]} Nc8 {[%emt 0:02:15] C02: French: Advance Variation} (10... Qc7 11. h4 h6 12. h5 Nc8 13. Qe1 Nb6 14. Bd1 O-O-O 15. Nh4 Be7 16. f4 Rhg8 17. Bc2 Kb8 18. Ndf3 Qc8 {1-0 (48) Zhigalko,S (2604)-Vitiugov,N (2719) St Petersburg 2018}) 11. b3 {[%emt 0:09:52]} cxb3 {[%emt 0:00:50]} 12. c4 {[%emt 0:00:09]} Be7 $146 {[%emt 0:10:31]} ({Predecessor:} 12... Ne7 13. c5 Qc7 14. Bb2 Ba4 15. Bd3 Ng6 16. g3 b6 17. Qe2 bxc5 18. Bb5+ Bxb5 19. Qxb5+ {½-½ (49) Stets,V (2257)-Sshedrin,I (2160) Odessa 2010}) 13. Bd3 {[%emt 0:04:23]} ({White should play} 13. cxd5 $16 exd5 14. Nxb3) 13... Ba4 {[%emt 0:06:17]} 14. Bb2 {[%emt 0:02:46]} (14. cxd5 $11 exd5 15. Bb2) 14... O-O {[%emt 0:01:23]} (14... Qa6 $15 {stays ahead.} 15. Qe2 Nxc4 16. Nxc4 Bb5) 15. c5 {[%emt 0:04:21]} Qc7 {[%emt 0:02:39]} 16. Bc3 {[%emt 0:00:14]} Nc6 {[%emt 0:01:31]} 17. Nxb3 {[%emt 0:00:54]} b6 {[%emt 0:00:43]} 18. Qc1 {[%emt 0:21:43]} Bxb3 {[%emt 0:02:44]} 19. cxb6 {[%emt 0:00:23]} Nxb6 {[%emt 0:06:06]} 20. Rxb3 {[%emt 0:00:18]} a5 {[%emt 0:02:50] [#]} 21. Qb1 {[%emt 0:08:33]} (21. Bd2 $1 $16) 21... Rab8 {[%emt 0:01:36]} (21... Rfb8 $1 $11 {keeps the balance.}) 22. Bxh7+ {[%emt 0:04:36]} Kh8 {[%emt 0:00:07]} 23. Bd3 {[%emt 0:00:11]} a4 {[%emt 0:01:57] [#]} 24. Rb2 $1 {[%emt 0:01:24]} Bxa3 {[%emt 0:01:18] [#]} (24... Kg8 $14) 25. Ra2 {[%emt 0:02:26]} ({Better is} 25. Rc2 $1 $16) 25... Nxe5 $2 {[%emt 0:06:21]} (25... Be7 $1 $14) 26. Nxe5 {[%emt 0:07:46]} ({Weaker is} 26. Rxa3 Nxf3+ 27. gxf3 Nc4 $15) 26... Qxc3 {[%emt 0:01:31] [#]} 27. Qd1 $1 {[%emt 0:02:14]} g6 {[%emt 0:02:40] [#]} 28. Rc2 $2 {[%emt 0:03:12]} (28. Bxg6 $1 $18 {[%mdl 512]} fxg6 29. Nxg6+ Kg8 30. Nxf8 Kxf8 31. Qh5) 28... Qxd4 {[%emt 0:07:14]} 29. Nc6 {[%emt 0:00:07] Double Attack} Qf6 {[%emt 0:00:37]} 30. Nxb8 {[%emt 0:00:12]} Rxb8 {[%emt 0:00:02]} 31. Qd2 {[%emt 0:01:43]} Kg7 {[%emt 0:00:48]} 32. Qa5 {[%emt 0:02:17]} Bd6 {[%emt 0:01:38]} 33. Rc6 {[%emt 0:01:15] [#]} Qe5 {[%emt 0:01:51]} (33... Be5 $1 $17 34. Qb4 (34. Rxb6 $2 Bc7 $19) 34... Bd4) 34. g3 {[%emt 0:00:13]} Nc8 {[%emt 0:03:49]} (34... Nd7 $11) 35. Qa6 {[%emt 0:01:39]} Qd4 $1 {[%emt 0:06:08]} 36. Bc2 {[%emt 0:02:24]} ({Much weaker is} 36. Rxd6 Nxd6 37. Qxd6 Rb6 $15) 36... Nb6 $2 {[%emt 0:14:19]} ({Better is} 36... Bc5 $1 $14) 37. Rd1 {[%emt 0:01:33]} Qf6 {[%emt 0:03:37]} 38. Rxd6 {[%emt 0:00:32]} Nc4 {[%emt 0:00:11]} 39. Rc6 {[%emt 0:00:40]} ({Less strong is} 39. Bxa4 Rb2 $16) 39... Rb2 $2 {[%emt 0:01:04]} (39... a3 40. Qa7 Rb2) 40. Qxa4 {[%emt 0:01:10]} Qc3 {[%emt 0:00:11]} 41. Bd3 {[%emt 0:03:34]} (41. Rc1 $142) 41... Qd4 $2 {[%emt 0:00:23] [#]} (41... Qf6) 42. Be2 $1 {[%emt 0:00:12]} Qf6 {[%emt 0:01:28]} 43. Rxc4 {[%emt 0:00:01]} dxc4 {[%emt 0:00:36]} 44. Qxc4 {[%emt 0:00:02]} Qe5 {[%emt 0:00:23]} 45. Bf3 {[%emt 0:00:38]} Qf6 {[%emt 0:00:37]} 46. Qd4 {[%emt 0:00:04]} Qxd4 {[%emt 0:00:16]} 47. Rxd4 {[%emt 0:00:02]} g5 {[%emt 0:01:10]} 48. h4 {[%emt 0:00:42]} gxh4 {[%emt 0:00:32]} 49. gxh4 {[%emt 0:00:01]} e5 {[%emt 0:01:00]} 50. Rd7 {[%emt 0:00:21]} Rb4 {[%emt 0:00:23]} 51. h5 {[%emt 0:00:27]} Rf4 {[%emt 0:00:55]} 52. Kg2 {[%emt 0:00:34]} Kh6 {[%emt 0:00:41]} 53. Kg3 {[%emt 0:00:21]} f6 {[%emt 0:00:30]} 54. Rf7 {[%emt 0:00:57]} Rf5 {[%emt 0:02:26]} 55. Bg4 {[%emt 0:00:45]} Rf4 {[%emt 0:00:40]} 56. f3 {[%emt 0:00:10]} Kg5 {[%emt 0:00:14]} 57. Rg7+ {[%emt 0:00:01]} Kh6 {[%emt 0:00:09]} 58. Rg6+ {[%emt 0:00:05]} Kh7 $18 {[%emt 0:00:06]} 59. Bh3 {[%emt 0:00:47]} Rb4 {[%emt 0:02:19]} 60. Rxf6 {[%emt 0:00:03]} Rb3 {[%emt 0:00:12]} 61. Bf5+ {[%emt 0:00:09]} 1-0

[Event "3rd HoliCup Lake City 2019"]
[Site "Udaipur"]
[Date "2019.03.31"]
[Round "7.12"]
[White "Vikramaditya, Mukhija"]
[Black "Ayush, Jha"]
[Result "0-1"]
[WhiteElo "1627"]
[BlackElo "1861"]
[Annotator "NA RC"]
[PlyCount "65"]
[EventDate "2019.??.??"]
[EventCountry "IND"]
[SourceTitle "playchess.com"]
[Source "ChessBase"]
[SourceQuality "1"]
[TimeControl "5400+30"]

{[%evp 18,65,35,42,0,8,17,0,0,7,0,18,13,17,37,39,60,58,158,104,104,97,102,104,124,122,199,74,127,74,79,75,88,77,126,-182,115,-225,-275,-668,-761,-964,-980,-29993,-120,-29994,-29995,-29995,-29996,-29999]} 1. d4 {[%emt 0:04:12]} f5 {[%emt 0:00:00]} 2. c4 {[%emt 0:00:58]} Nf6 {[%emt 0:00:00]} 3. Nf3 {[%emt 0:00:31]} e6 {[%emt 0:00:00]} 4. g3 {[%emt 0:00:39]} c6 {[%emt 0:00:08]} 5. Bg2 {[%emt 0:01:13]} d5 {[%emt 0:00:07]} 6. O-O {[%emt 0:00:36]} Bd6 {[%emt 0:00:14]} 7. Nc3 {[%emt 0:05:04]} O-O {[%emt 0:00:28]} 8. Qc2 {[%emt 0:03:17]} b6 {[%emt 0:06:44] A90: Dutch Defence: Miscellaneous and Modern Stonewall (with ...Bd6)} (8... Qe7 9. Rb1 Bd7 10. c5 Bc7 11. b4 Ne4 12. Nxe4 fxe4 13. Bg5 Qf7 14. Ne5 Bxe5 15. dxe5 Be8 16. f3 Nd7 17. fxe4 {½-½ (48) Wojtaszek,R (2750)-Sadzikowski,D (2588) Warsaw 2018}) 9. Rd1 {[%emt 0:03:20]} Qc7 {[%emt 0:05:51]} 10. Ne5 {[%emt 0:05:10]} Nbd7 {[%emt 0:03:56]} 11. f4 $146 {[%emt 0:02:32]} ({Predecessor:} 11. Nd3 Bb7 12. b3 Rac8 13. e3 g5 14. a4 a6 15. Qa2 Ne4 {0-1 (62) Veltkamp,G (2183)-Bronowicki,M (2370) Krakow 2009}) 11... Bb7 {[%emt 0:03:44]} 12. cxd5 {[%emt 0:04:07]} cxd5 {[%emt 0:03:24]} 13. Qb3 {[%emt 0:01:37]} a6 {[%emt 0:04:11]} 14. Bd2 {[%emt 0:01:37]} b5 {[%emt 0:01:35]} 15. Rdc1 {[%emt 0:03:40]} Qb6 {[%emt 0:01:04]} 16. e3 {[%emt 0:00:26]} Rac8 {[%emt 0:05:21]} 17. a4 {[%emt 0:04:14]} b4 {[%emt 0:12:52]} (17... bxa4 $14 18. Qxa4 Rfd8) 18. a5 {[%emt 0:00:37]} Qd8 {[%emt 0:00:49]} 19. Ne2 {[%emt 0:00:21]} Qe7 {[%emt 0:01:28]} 20. Ra4 {[%emt 0:01:55]} Ne4 {[%emt 0:02:53]} 21. Bxb4 {[%emt 0:01:39]} Nxe5 {[%emt 0:03:37]} (21... Rxc1+ $16 {might work better.} 22. Nxc1 Rc8) 22. fxe5 {[%emt 0:05:48]} (22. Rxc8 $18 Rxc8 23. fxe5 (23. dxe5 Bc5 $16) 23... Bxb4 24. Rxb4 (24. Qxb4 Qd7 $16)) 22... Bxb4 {[%emt 0:04:14]} 23. Qxb4 {[%emt 0:03:27]} Rxc1+ {[%emt 0:01:48]} 24. Nxc1 {[%emt 0:00:06]} Qg5 {[%emt 0:00:08]} 25. Ra3 {[%emt 0:05:57]} Qg4 {[%emt 0:02:37]} 26. Qxb7 $2 {[%emt 0:07:57]} (26. Qe1 $16 {and life is bright.}) 26... Qd1+ {[%emt 0:02:38]} 27. Bf1 {[%emt 0:00:27]} Qxc1 {[%emt 0:05:45]} 28. Qxa6 $2 {[%emt 0:06:24]} (28. Qb6 Kh8 29. Qxa6 Qxb2 30. Qd3) 28... Qxb2 {[%emt 0:03:28]} 29. Qd3 {[%emt 0:06:18]} Rc8 {[%emt 0:04:32]} 30. Qa6 {[%emt 0:02:55]} Qf2+ {[%emt 0:05:29]} 31. Kh1 {[%emt 0:00:05]} Rc2 {[%emt 0:01:25]} 32. Qxe6+ {[%emt 0:02:13]} Kf8 {[%emt 0:00:06]} 33. Ra1 0-1

[Event "3rd HoliCup Lake City 2019"]
[Site "Udaipur"]
[Date "2019.03.31"]
[Round "7.13"]
[White "Yogesh, Bharat Mahamuni"]
[Black "Chudasama, Ankit"]
[Result "0-1"]
[WhiteElo "1455"]
[BlackElo "1853"]
[Annotator "NA RC"]
[PlyCount "80"]
[EventDate "2019.??.??"]
[EventCountry "IND"]
[SourceTitle "playchess.com"]
[Source "ChessBase"]
[SourceQuality "1"]
[TimeControl "5400+30"]

{[%evp 26,80,-22,-93,-88,-98,-124,-93,-68,-111,-94,-202,-199,-204,-206,-262,-234,-328,32767,32767,-309,-449,-438,-436,-426,-434,-446,-445,-260,-465,-591,-530,-565,-672,-755,-714,-744,-789,-855,-770,-816,-1042,-1589,-1209,-1640,-1428,-1179,-29972,-1319,-1554,-11699,-4758,-552,-1831,-29971,-6306,-29968]} 1. e4 {[%emt 0:00:00]} c5 {[%emt 0:00:23]} 2. Nf3 {[%emt 0:00:00]} d6 {[%emt 0:00:03]} 3. d4 {[%emt 0:00:00]} cxd4 {[%emt 0:00:03]} 4. Nxd4 {[%emt 0:00:00]} Nf6 {[%emt 0:00:04]} 5. Nc3 {[%emt 0:00:03]} a6 {[%emt 0:00:03]} 6. Bg5 {[%emt 0:00:06]} e6 {[%emt 0:00:07]} 7. f4 {[%emt 0:00:07]} h6 {[%emt 0:00:05] B96: Sicilian Najdorf: 6 Bg5 e6 7 f4, lines other than 7...Qb6 and 7...Be7} (7... Nbd7 8. Qe2 h6 9. Bh4 e5 10. fxe5 dxe5 11. Nf5 Nb6 12. Qf3 Bxf5 13. Qxf5 Be7 14. Bd3 Nfd7 15. Bxe7 Qxe7 16. O-O-O O-O 17. Kb1 Nc5 18. Be2 Rad8 19. Qf2 Qc7 20. Qe3 Qc6 21. Rhe1 Rfe8 22. a3 Kf8 {½-½ (22) Anand,V (2773)-Nepomniachtchi,I (2763) Wijk aan Zee 2019}) 8. Bxf6 {[%emt 0:01:41]} gxf6 {[%emt 0:01:25]} 9. Qd2 {[%emt 0:09:16]} Bd7 {[%emt 0:00:19]} 10. f5 $146 {[%emt 0:01:21]} Nc6 {[%emt 0:00:45]} 11. fxe6 {[%emt 0:00:39]} fxe6 {[%emt 0:00:21]} 12. Be2 {[%emt 0:08:10]} h5 {[%emt 0:00:45]} 13. Qd1 {[%emt 0:02:15] [#]} Qa5 {[%emt 0:03:53]} ({Better is} 13... Qb6 $1 $17 14. Bxh5+ Kd8 15. Nxc6+ Bxc6) 14. Bc4 {[%emt 0:11:16]} (14. Nxc6 $11 Bxc6 15. Qd3) 14... Qe5 {[%emt 0:06:33]} 15. Nf3 {[%emt 0:01:59]} Qc5 {[%emt 0:00:58]} 16. Qe2 {[%emt 0:01:22]} b5 {[%emt 0:02:06]} 17. Bd3 {[%emt 0:02:55]} Bh6 {[%emt 0:12:11]} 18. e5 {[%emt 0:06:03]} (18. Nd1 $17) 18... Nxe5 {[%emt 0:10:55]} ({Resist} 18... dxe5 19. Ne4 $15) 19. Nxe5 {[%emt 0:00:51]} Qxe5 {[%emt 0:01:13]} 20. Qxe5 {[%emt 0:00:32]} dxe5 {[%emt 0:00:20]} 21. Bg6+ {[%emt 0:00:05]} Ke7 {[%emt 0:00:19]} 22. Bxh5 {[%emt 0:00:07]} b4 {[%emt 0:07:11]} 23. Ne4 {[%emt 0:08:51]} (23. Nd1 {was worth a try.}) 23... f5 {[%emt 0:01:26]} 24. Nf2 {[%emt 0:05:14]} Bf4 {[%emt 0:01:44]} 25. Be2 {[%emt 0:01:53]} Bxh2 {[%emt 0:04:33]} 26. a3 {[%emt 0:18:26]} Bg3 {[%emt 0:08:58]} 27. Rh3 $2 {[%emt 0:01:19]} (27. Kf1 {is a better defense.} a5 28. Rxh8 Rxh8 29. axb4 axb4 30. Ra7) 27... Rxh3 {[%emt 0:01:00] Pin} 28. gxh3 {[%emt 0:00:24]} Rc8 {[%emt 0:00:24]} 29. Bd1 {[%emt 0:06:26]} e4 {[%emt 0:00:57]} 30. Kf1 {[%emt 0:00:30]} Bb5+ {[%emt 0:00:24]} 31. Kg2 {[%emt 0:00:43]} Be5 {[%emt 0:00:20]} 32. axb4 {[%emt 0:04:07]} Rg8+ {[%emt 0:00:06]} 33. Kh1 {[%emt 0:00:34]} e3 {[%emt 0:01:33]} 34. Ng4 {[%emt 0:05:32]} fxg4 {[%emt 0:00:12]} 35. Bxg4 {[%emt 0:00:16]} Bxb2 {[%emt 0:00:41]} 36. Re1 {[%emt 0:00:38]} Bd4 {[%emt 0:03:58]} 37. c3 {[%emt 0:00:05]} Bc6+ {[%emt 0:00:34]} 38. Kh2 {[%emt 0:01:10]} Be5+ {[%emt 0:00:05]} 39. Kg1 {[%emt 0:00:17]} Bxc3 {[%emt 0:00:04] Double Attack} 40. Rc1 {[%emt 0:02:23]} e2 {[%emt 0:00:17]} 0-1

[Event "3rd HoliCup Lake City 2019"]
[Site "Udaipur"]
[Date "2019.03.31"]
[Round "7.14"]
[White "Dubey, Sanchay"]
[Black "Dhiraj, Patil"]
[Result "0-1"]
[WhiteElo "1828"]
[BlackElo "1425"]
[Annotator "NA RC"]
[PlyCount "128"]
[EventDate "2019.??.??"]
[EventCountry "IND"]
[SourceTitle "playchess.com"]
[Source "ChessBase"]
[SourceQuality "1"]
[TimeControl "5400+30"]

{[%evp 19,125,3,72,79,77,29,47,43,44,40,47,35,42,16,10,0,5,6,0,0,5,-27,0,-20,-15,-15,0,-10,8,-10,0,-15,-16,-14,-9,-18,-12,-17,0,0,0,0,0,0,0,7,0,0,0,0,0,0,17,45,19,0,0,0,0,0,0,11,84,0,0,0,0,0,0,0,0,0,0,0,0,-74,-104,-109,-92,-134,-129,-142,-135,-143,-129,-133,0,-133,-137,-127,-149,-131,-107,-144,-112,-142,-133,-337,-169,-154,-156,-170,-164,-163,-159,-150,32767,-29978]} 1. e4 {[%emt 0:00:00]} d5 {[%emt 0:00:00]} 2. exd5 {[%emt 0:00:00]} Nf6 {[%emt 0:00:00]} 3. Nf3 {[%emt 0:00:00]} Qxd5 {[%emt 0:00:00]} 4. Nc3 {[%emt 0:00:00]} Qd8 {[%emt 0:01:53]} 5. Bc4 {[%emt 0:00:42]} Nc6 {[%emt 0:01:25]} (5... a6 6. a4 Nc6 7. h3 Bf5 8. d3 h6 9. g4 Bg6 10. Bf4 e6 11. Ne5 Nxe5 12. Bxe5 Bd6 13. Qe2 Bxe5 14. Qxe5 {1-0 (44) Kamsky,G (2677)-Bartholomew,J (2477) Reykjavik 2018}) 6. d4 {[%emt 0:03:17] B01: Scandinavian Defence} Bg4 {[%emt 0:02:07]} 7. Be3 {[%emt 0:00:48]} e6 {[%emt 0:01:48]} 8. h3 {[%emt 0:08:22]} Bh5 {[%emt 0:00:46]} 9. a3 {[%emt 0:05:59]} Be7 $146 {[%emt 0:00:40]} ({Predecessor:} 9... a6 10. Qe2 Nd5 11. Nxd5 exd5 12. Bd3 Be7 13. O-O-O {1-0 (34) Shamilov,E-Long,H Vancouver 2002}) 10. Bb5 {[%emt 0:07:32]} Bxf3 {[%emt 0:02:53]} (10... O-O $11 {keeps the balance.}) 11. Qxf3 {[%emt 0:00:22]} Qd7 {[%emt 0:00:19]} 12. g4 {[%emt 0:06:57]} Nd5 {[%emt 0:03:54]} 13. Nxd5 {[%emt 0:00:51]} Qxd5 {[%emt 0:01:10]} 14. Qxd5 {[%emt 0:00:17]} exd5 {[%emt 0:00:06]} 15. O-O-O {[%emt 0:09:21]} O-O-O {[%emt 0:01:05]} 16. Bxc6 {[%emt 0:03:01]} bxc6 {[%emt 0:00:07]} 17. a4 {[%emt 0:04:08]} Bh4 {[%emt 0:00:34]} 18. Rhg1 {[%emt 0:01:14]} h6 {[%emt 0:01:10]} 19. Rd3 {[%emt 0:03:13]} Rhe8 {[%emt 0:00:54]} 20. Kd2 {[%emt 0:01:48]} Re6 {[%emt 0:00:37]} 21. b4 {[%emt 0:08:07]} Rde8 {[%emt 0:00:19]} 22. Ke2 {[%emt 0:02:52]} a6 {[%emt 0:01:28]} 23. Kf3 {[%emt 0:04:50]} g5 {[%emt 0:07:28]} 24. Rd2 {[%emt 0:04:52]} Re4 {[%emt 0:03:17]} 25. Re2 {[%emt 0:02:46] [#]} f5 $1 {[%emt 0:06:14]} 26. gxf5 {[%emt 0:00:12]} Rf8 {[%emt 0:00:08]} 27. Ree1 {[%emt 0:12:02]} Rxf5+ {[%emt 0:00:27]} 28. Kg2 {[%emt 0:00:04]} h5 {[%emt 0:02:33]} 29. f3 {[%emt 0:02:04]} Re7 {[%emt 0:00:22]} 30. Bf2 {[%emt 0:00:19]} Bxf2 {[%emt 0:03:10]} 31. Kxf2 {[%emt 0:00:04]} Ref7 {[%emt 0:00:30]} 32. Re3 {[%emt 0:01:11]} Kd7 {[%emt 0:01:09]} 33. Ke2 {[%emt 0:02:00]} Kd6 {[%emt 0:00:54]} 34. c3 {[%emt 0:01:08]} R7f6 {[%emt 0:00:20]} 35. Rg3 {[%emt 0:01:28]} Re6 {[%emt 0:02:39]} 36. Rxe6+ {[%emt 0:04:08]} Kxe6 {[%emt 0:00:08]} 37. h4 {[%emt 0:01:30]} Kf6 {[%emt 0:01:09]} 38. hxg5+ {[%emt 0:00:56]} Rxg5 {[%emt 0:00:08]} 39. Rh3 $1 {[%emt 0:00:23]} Kg6 {[%emt 0:00:25]} 40. Kf2 {[%emt 0:00:30]} Kf5 {[%emt 0:01:41]} (40... Kh6 $11) 41. Rh4 {[%emt 0:00:12]} ({White should try} 41. Rh1 $16) 41... Kg6 $1 {[%emt 0:00:22]} 42. f4 {[%emt 0:00:54]} Rf5 {[%emt 0:00:42]} 43. Ke3 {[%emt 0:00:15]} Rf7 {[%emt 0:00:16]} 44. Rh1 {[%emt 0:00:25]} Rh7 {[%emt 0:00:20]} 45. Kf3 {[%emt 0:00:21]} Kf5 {[%emt 0:00:11]} 46. Rh4 {[%emt 0:01:01]} Rh6 {[%emt 0:00:45]} 47. Rh1 {[%emt 0:00:24]} (47. Ke3 $11) 47... h4 {[%emt 0:00:18]} 48. Rh3 {[%emt 0:00:34]} Rh5 {[%emt 0:00:09]} 49. a5 {[%emt 0:00:09]} Rh7 {[%emt 0:00:33]} 50. Rh2 {[%emt 0:00:31]} h3 {[%emt 0:00:10]} 51. Kg3 {[%emt 0:00:20]} Rh6 {[%emt 0:01:51]} 52. Kf3 {[%emt 0:01:01]} Rh7 {[%emt 0:01:15]} (52... Rh8 $17 53. Kg3 Rh7) 53. Kg3 {[%emt 0:00:12]} Ke4 {[%emt 0:05:20]} 54. Re2+ {[%emt 0:00:49]} Kd3 {[%emt 0:00:12] Double Attack} 55. Rh2 {[%emt 0:00:30]} Kxc3 {[%emt 0:01:56]} 56. Rxh3 {[%emt 0:00:04]} Rxh3+ {[%emt 0:01:52]} 57. Kxh3 {[%emt 0:00:01]} Kxd4 {[%emt 0:00:08]} 58. Kg4 $2 {[%emt 0:00:08]} (58. f5 Ke5 59. Kg4) 58... Ke4 {[%emt 0:03:48]} 59. f5 {[%emt 0:00:01] [#]} d4 $1 {[%emt 0:01:05]} 60. f6 {[%emt 0:00:01]} d3 {[%emt 0:00:20]} 61. f7 $19 {[%emt 0:00:10]} d2 {[%emt 0:00:32]} 62. f8=Q {[%emt 0:01:42]} d1=Q+ {[%emt 0:00:09]} 63. Kh3 $2 {[%emt 0:01:19]} (63. Kg5 $19 Qd5+ 64. Kh4) 63... Qf3+ {[%emt 0:00:39]} 64. Qxf3+ {[%emt 0:00:08]} Kxf3 {[%emt 0:00:09]} 0-1

[Event "3rd HoliCup Lake City 2019"]
[Site "Udaipur"]
[Date "2019.03.31"]
[Round "7.15"]
[White "Dahale, Atul"]
[Black "Sunny, Bedi"]
[Result "1-0"]
[WhiteElo "2102"]
[BlackElo "1736"]
[Annotator "TA"]
[PlyCount "69"]
[EventDate "2019.??.??"]
[EventCountry "IND"]
[SourceTitle "playchess.com"]
[Source "ChessBase"]
[SourceQuality "1"]

{[%evp 9,69,13,19,12,15,15,15,12,35,14,10,-8,22,10,18,18,93,93,124,131,163,61,84,65,77,61,123,114,124,77,81,68,76,60,40,32,45,22,19,20,21,27,195,197,315,328,5165,5093,2492,2440,1602,1275,1268,1266,1266,1125,1034,383,336,335,29986,29987]} 1. d4 Nf6 2. c4 e6 3. a3 b6 4. Nc3 d5 5. cxd5 exd5 6. Bg5 {E00: Catalan Bogo-Indian (3 g3 Bb4+)} Be7 7. e3 O-O 8. Bd3 {The position is equal.} (8. Nf3 Bb7 9. Qc2 Ne4 10. Bf4 Bd6 11. Bxd6 cxd6 12. Qb3 Nxc3 13. Qxc3 Nd7 14. Bd3 Nf6 15. O-O Qd7 16. Rfc1 Rfc8 {½-½ (101) Gurevich,M (2633)-Macieja,B (2585) Kusadasi 2006}) 8... c5 9. Nge2 Bb7 10. Qc2 Nbd7 11. O-O $146 ({Predecessor:} 11. dxc5 bxc5 12. O-O Re8 13. Rad1 h6 14. Bh4 Ne5 15. Bxf6 Bxf6 16. Bb5 {1-0 (36) Tharushi,T (1521)-Dilanya,W (1171) Colombo 2016}) 11... g6 {White should prevent ...c4.} 12. Nf4 cxd4 (12... Kg7 $11) 13. exd4 $16 Kg7 14. Rae1 Ng8 {[#]} 15. Bxe7 (15. Rxe7 $1 $18 Nxe7 {[#]} 16. Ncxd5 $1 {[%mdl 512]} Bxd5 17. Nxd5 {[%mdl 64] Pin}) 15... Nxe7 $14 16. Qd2 Nf6 17. h4 Bc8 (17... Nc6 $14) 18. f3 Bf5 19. g4 Bxd3 20. Nxd3 h5 21. Nf4 hxg4 22. fxg4 {Strongly threatening Qe3.} Qd7 23. Qg2 $36 {[%mdl 2048] White has some pressure.} Rae8 24. g5 Ne4 $1 25. h5 Nxc3 $2 (25... Nf5 $11 {and Black is okay.}) 26. bxc3 $18 Qc6 (26... Nf5 $142) 27. hxg6 {Black must now prevent Nh5+.} Qxc3 $2 (27... Nf5 28. Nh5+ {[%mdl 64] Discovered Attack} (28. Qxd5 Qxd5 29. Nxd5 Kxg6 $14) (28. Nxd5 fxg6 29. Qf3 b5 $16) 28... Kxg6) 28. Nh5+ Kxg6 29. Rf6+ Kh7 30. Rh6+ Kg8 31. Nf6+ Kg7 32. Qf2 Nf5 33. Rxe8 $2 (33. Nxe8+ Rxe8 34. Rxe8 Qc1+ 35. Kh2 Qxg5 36. Rh3) 33... Qc1+ 34. Kh2 {Intending Nh5+ and mate.} Qxg5 $2 (34... Nxh6 $18 35. Qh4 (35. gxh6+ Qxh6+ {[%mdl 64] Double Attack} 36. Kg3 Rxe8 $16) 35... Qc2+ 36. Kg1 Qb1+ 37. Re1 Qg6 38. Ne8+ (38. Nxd5 Nf5 $11) 38... Kg8) 35. Rh7+ {Accuracy: White = 52%, Black = 43%.} 1-0